Ciudad e individuación : el cuidado del alma : Patočka - Simondon /

Detalles Bibliográficos
Otros Autores: Vargas Guillén, Germán (Editor)
Formato: Electrónico eBook
Lenguaje:español
Publicado: Bogotá : Editorial Aula de Humanidades, 2023.
Edición:Primera edición.
Colección:Colección: Individuación. Serie: Filosofía
Materias:
Acceso en línea:Digitalia Hispánica

MARC

LEADER 00000nam a2200000 i 4500
001 DIGAUHUM0046
003 NyNyDIG
007 cr |||||||||||
008 250502s2023 ck ob 001 0 spa d
006 m o d
035 |a (OCoLC)1519505211 
040 |a DGITA  |b eng  |e rda  |e pn  |c DGITA 
020 |a 9786287625891  |q (versión digital) 
020 |z 9786287625884  |q (versión impresa) 
050 1 4 |a HT153 ebook 
245 0 0 |a Ciudad e individuación :  |b el cuidado del alma : Patočka - Simondon /  |c Germán Vargas Guillén (coord.). 
250 |a Primera edición. 
264 1 |a Bogotá :  |b Editorial Aula de Humanidades,  |c 2023. 
300 |a 1 online resource. 
336 |a text  |b txt  |2 rdacontent 
337 |a computer  |b c  |2 rdamedia 
338 |a online resource  |b cr  |2 rdacarrier 
347 |a text file  |2 rdaft 
347 |b PDF 
490 1 |a Colección: Individuación. Serie: Filosofía 
504 |a Includes bibliographical references and indexes. 
588 0 |a Online resource; title from PDF title page (Digitalia, viewed May 2, 2025) 
650 0 |a Sociology, Urban  |x Philosophy. 
700 1 |a Vargas Guillén, Germán,  |e editor. 
791 2 |a Digitalia (Firm),  |e distributor. 
793 0 |g Digitalia eBook Collection:  |a Editorial Aula de Humanidades 
776 0 8 |i Print version:  |t Ciudad e individuación.  |b Primera edición.  |d Bogotá : Editorial Aula de Humanidades, [2023]  |z 9786287625884 
856 4 0 |3 Digitalia Hispánica  |u https://www.digitaliapublishing.com/a/170634/ 
910 |a Premium collection: 2025